| 000 | 00737naa a22002537a 4500 | ||
|---|---|---|---|
| 001 | BR8703918 | ||
| 003 | BR-BrBNA | ||
| 005 | 20250721154516.0 | ||
| 007 | ta | ||
| 008 | 250630b bl.|||m| |||| 00| 0 por d | ||
| 040 |
_aBR-BrBNA _bpor _cBiblioteca Nacional de Agricultura |
||
| 041 | _a(Pt) | ||
| 072 |
_aL01 _b5212 _bG514 |
||
| 090 | _aL01 BR8703918 | ||
| 100 | 1 | _aCoelho, G.R. | |
| 245 | 1 | _aAcompanhamento do abate em bovinos em Minas Gerais - 1981 | |
| 500 | _aBoletim do IESA Belo Horizonte, MG (Brasil): 1982. p. 93-109 (BR8703918-AMS) | ||
| 650 | _aBOVINO | ||
| 650 | _aABATE | ||
| 650 | _aMINAS GERAIS | ||
| 490 |
_aBoletim do IESA (Brazil) _vv. 1(2) |
||
| 942 |
_cAMS _2AGRIS |
||
| 909 |
_a202506 _bLúcia _c55 _dLúcia Elande |
||
| 999 |
_c335229 _d335229 |
||